LIBRARY & INFORMATION CENTRE, KCAET, TAVANUR

ONLINE PUBLIC ACCESS CATALOGUE (OPAC)

Heat and thermodynamics / (Record no. 8923)

MARC details
000 -LEADER
fixed length control field 00465cam a2200193ua 4500
041 ## - LANGUAGE CODE
Language code of text/sound track or separate title eng
082 ## - DEWEY DECIMAL CLASSIFICATION NUMBER
Classification number 621.4021
Item number BRI/HE
100 ## - MAIN ENTRY--AUTHOR NAME
Personal name Brijlal, .
245 ## - TITLE STATEMENT
Title Heat and thermodynamics /
250 ## - EDITION STATEMENT
Edition statement 11 /
260 ## - PUBLICATION, DISTRIBUTION, ETC. (IMPRINT)
Place of publication New Delhi :
Name of publisher S.Chand and Co ,
Year of publication 1985.
300 ## - PHYSICAL DESCRIPTION
Number of Pages 487 ; .
700 1# - ADDED ENTRY--PERSONAL NAME
Personal name Subrahmanian, N .
942 ## - ADDED ENTRY ELEMENTS (KOHA)
Koha item type Books
Holdings
Withdrawn status Lost status Damaged status Home library Current library Shelving location Date acquired Full call number Accession Number Koha item type
      KAUAET KAUAET Binding Shelf 01/09/1986 621.4021 15581 Books
free website counter